| 000 | 00000nas##2200000za#4500 |
| 001 | 9.503994 |
| 003 | CaOODSP |
| 005 | 20200331213352 |
| 007 | cr ||||||||||| |
| 008 | 150406c2001||||xxc|| p o||||f| |0fre|d |
| 022 | |a1910-7633 |
| 040 | |aCaOODSP|bfre |
| 043 | |an-cn--- |
| 086 | 1 |aT1-14F-PDF |
| 110 | 1 |aCanada. |bTransports Canada. |
| 245 | 10|aTransports Canada - rapport ... de performance en matière de l'environement |h[ressource électronique] |
| 260 | |aOttawa - Ontario : |bTransports Canada |cc[2001-2005]. |
| 310 | |aAnnuel |
| 362 | 1 |a2001-- |
| 500 | |aA cessé de paraître en 2005? |
| 691 | 07|aPolitique gouvernementale|2gcpds |
| 691 | 07|aÉvaluation environnementale|2gcpds |
| 691 | 07|aPolitique environnementale|2gcpds |
| 691 | 07|aTransport|2gcpds |
| 775 | 08|tTransport Canada - environmental performance report |w(CaOODSP)9.507610 |